000 00631nam a22002177a 4500
005 20141212140718.0
008 141212b xxu||||| |||| 00| 0 eng d
040 _aLoreto College
041 _aEnglish
082 _a915.452
_bJOS
100 _aJoshi, S.C.
245 _aKumaun Himalaya
_bA geographic perspective on resource development
_cS.C. Joshi, D.R. Joshi and D.D. Dani
260 _aNaini Tal
_bGyanodaya Prakashan
_c1983
300 _avii, 324p.
_b21cm.
504 _aIncludes index.
650 _aGeography-Himalaya
700 _4Auth
_aJoshi, D.R.
700 _4Auth
_aDani, D.D.
850 _aLCLIB
942 _cBK
999 _c39709
_d90188